| 000 | 01120nam a2200253 a 4500 | ||
|---|---|---|---|
| 001 | 000039035 | ||
| 003 | DO-SdBNP | ||
| 005 | 20240223170016.0 | ||
| 007 | ta | ||
| 008 | 130514s2012 dr 000 0 spa d | ||
| 020 | _a9789945869385 | ||
| 040 |
_aDO-SdBNP _bspa _cBNPHU |
||
| 082 |
_222 _axxx _bL865t |
||
| 100 | 1 |
_aLora H., Quisqueya _929768 |
|
| 245 | 1 | 0 |
_aTransición de la esclavitud al trabajo libre en Santo Domingo : _bel caso de Higüey (1822-1827) / _cQuisqueya Lora H. |
| 260 |
_aSanto Domingo : _bAcademia Dominicana de la Historia, _c2012. |
||
| 300 |
_a177 p. : _bil. ; _c22 cm. |
||
| 490 | 1 |
_aAcademia Dominicana de la Historia _v100 |
|
| 505 | 0 |
_aBreve conceptualización geográfica e histórica de Higüey -- _tLa proclamación de la unificación a Haití en Higüey -- _tEl censo de 1822: propietarios, labranzas y fundaciones -- _tLa nueva situación de los antiguos esclavos a través de los contratos de 1822 -- _tEl Código Rural y su aplicación en Higüey -- |
|
| 590 | _aInventariado, 2023 / DG | ||
| 830 |
_aAcademia Dominicana de la Historia _v100 _9770 |
||
| 910 | _aDG | ||
| 942 |
_2ddc _cLBS1 |
||
| 999 |
_c38525 _d38525 |
||